00721nam a2200217Ia 4500001002200000003000900022008004100031040002300072041001300095100001900108240002100127245005400148250001500202260004500217300003400262490000900296501012400305520000900429700003400438700003100472843-PRO ma ri (10543)IT-MiSPE171229s9999||||xx |||||||||||||| ||und|| aIT-MiSPEcIT-MiSPE aITALIANO aMarcel Proust  aLa prisonnière 0aAlla ricerca del tempo perdutobV. La prigioniera a1a ed. (v) aTorino; MilanobEinaudi; CDEc(st.) 1993 aXVIII, 461 p. [7+1 v.]c21 cm v 5° aEdizioni San Paolo srl - Piazza Soncino, 5 - 20092 CINISELLO BALSAMO (MI) (non commercial uses only) ® Copyright 2018 aTav. aMariolina Bongiovanni Bertini aPaolo Serinig(traduzione)